| 000 | 00678nam a22001937a 4500 | ||
|---|---|---|---|
| 999 |
_c189389 _d189389 |
||
| 005 | 20220628110858.0 | ||
| 010 | _aENG-133398 | ||
| 020 |
_a9788185496102 _c550.00 |
||
| 035 | _aEN-116930 | ||
| 037 | _bDBAD/PUB | ||
| 082 | _a577.553395 | ||
| 100 | _aRajvanshi, Asha | ||
| 245 |
_aRoads, Sensitive Habitats and Wildlife: _bEnvironmental Guideline for India and South Asia/ _cAsha Rajvanshi [et. al...] |
||
| 260 |
_aDehradun _bWildlife Institute of India _c2001 |
||
| 270 |
_aPost Box # 18, Chandrabani _bDehradun _e248001 _k91135640111 |
||
| 300 |
_ax,215p. _c22cm(pbk) _bIndex |
||
| 700 | _aAsha Rajvanshi [et. al...] | ||
| 942 |
_2ddc _cEN _h577.553395 _mRAJ |
||